000 01961cam a2200361 a 4500
001 17818527
003 SISC
005 20161108133601.0
008 130719s2013 nju er 001 0 eng
010 _a 2012277512
020 _a9781118343746 (hbk)
020 _a1118343743 (hbk)
035 _a(OCoLC)ocn835077885
040 _aAU@
_beng
_cAU@
_dOCLCO
_dCLE
_dYDXCP
_dCDX
_dBWX
_dFDA
_dY8N
_dOCLCA
_dDLC
042 _alccopycat
050 0 0 _aHD 30.2
_b.H56 2013
082 0 4 _a658.4038
100 1 _aHingarh, Veena.
245 1 0 _aUnderstanding and conducting information systems auditing /
_cVeena Hingarh, Arif Ahmed.
260 _aHoboken, N.J ;
_aChichester :
_bWiley,
_c2013.
300 _axiii, 316 pages ;
_c26 cm.
490 1 _aWiley corporate F&A.
500 _aIncludes index.
505 0 _aConducting an information systems audit. Overview of systems audit ; Hardware security issues ; Software security issues ; Information systems audit requirements ; Conducting an information systems audit ; Risk-based audit ; Business continuity and disaster recovery plan ; Auditing in the e-commerce environment ; Security testing ; Case study: conducting an information systems audit -- Information systems auditing checklists. ISecGrade auditing framework ; ISecGrade checklists ; Session quiz.
520 _aA comprehensive guide to understanding and auditing modern information systems The increased dependence on information system resources for performing key activities within organizations has made system audits essential for ensuring the confidentiality, integrity, and availability of information system resources.
650 0 _aInformation resources management.
650 0 _aInformation resources
_xAuditing.
700 1 _aAhmed, Arif
_c(Accountant).
830 0 _aWiley corporate F & A.
906 _a7
_bcbc
_ccopycat
_d2
_encip
_f20
_gy-gencatlg
942 _2lcc
_cBK
999 _c305186
_d305186